Gaming Quiz

Random Gaming or Tennis Quiz
Score 0/20 Timer 02:00
0 Plays Today
% Correct
Amy
63.6%
Lisa
54.5%
John
54.5%
Matt
45.5%
Donna
36.4%
Colett
27.3%
Kim
27.3%
Erin
27.3%
Debbie
27.3%
Barb
27.3%
% Correct
Phil
27.3%
Meyer
27.3%
Rob
27.3%
Brian
27.3%
Rich
27.3%
Steve
27.3%
Yuka
18.2%
Nancy
18.2%
Hiro
18.2%
Mark
18.2%

You're not logged in!

Compare scores with friends on all Sporcle quizzes.
OR
Log In

Sporcle TV

Today on Sporcle TV


Watch our educational content, quiz creation guides, and fun videos on Sporcle TV.

Show Comments

Extras

Top Quizzes Today


Score Distribution

Paid Content

Your Account Isn't Verified!

In order to create a playlist on Sporcle, you need to verify the email address you used during registration. Go to your Sporcle Settings to finish the process.

Report this User

Report this user for behavior that violates our Community Guidelines.

Details: